| 000 | 00647nam a22002057a 4500 | ||
|---|---|---|---|
| 999 |
_c18375 _d18375 |
||
| 003 | AR-CdUCM | ||
| 008 | 190513b ||||| |||| 00| 0 spa d | ||
| 040 |
_aMUNICIPALIDAD PROVINCIAL DEL CUSCO _cBIBLIOTECA MUNICIPAL DEL CUSCO |
||
| 082 |
_22ed. _a869.56 / _bV38 |
||
| 100 |
_aVelarde, Hector _9717 |
||
| 245 | _aLima en picada / | ||
| 260 |
_aLima : _bCultura nacional, _c1946. |
||
| 300 |
_a239 páginas ; _c18 cm. |
||
| 505 | _aContenido : Lo que buscaba el turista Pedrillo -- Pen Pen -- La basura ... | ||
| 650 |
_aLiteratura _983 |
||
| 650 |
_aPeruana _925277 |
||
| 650 |
_aSiglo XX _98 |
||
| 942 |
_2ddc _cLIBROS |
||
| 945 |
_arah _d2019/05/13 |
||